01072nam a22002537a 45000010005000000030006000050050017000110080041000280200018000690400029000870500008001160820010001241000024001342450082001582600058002403000045002984900029003435050007003725200339003795210027007185210018007456500021007637000034007849683FISKH20260129135019.0260129b cb ||||| |||| 00| 0 eng d a9780462001159 aFISKHbengcFISKHdFISKH aPZ7 a028.5 aLing, Judy eAuthor aWhat is in my garden? /cWritten by Judy Ling ; illustrated by Donovan Bixley aSingapore :bMarshall Cavendish International ,c2008 a16 pages :bcolor illustrations ;c19 cm aMy pals are here! :v13c aJ  aWhat Is in My Garden? follows a young learner as they explore a garden and identify various plants, insects, and features found in that outdoor space. Using short, simple sentences and supportive pictures, the story helps early readers build recognition of vocabulary and concepts while engaging with a familiar, everyday environment.8 a500 bLexile estimate 8 aJ bRaz-Plus  aCreaturevGarden aBixley, Donovan eIllustrator